Demografický vývoj populácie SR a jeho dopad na ponuku a dopyt po sociálnych službách diplomová práca

Salvato in:
Dettagli Bibliografici
Autore principale: Drabantová, Michaela
Ente Autore: Národohospodárska fakulta EU. Katedra sociálneho rozvoja a práce
Altri autori: Husáková, Mária
Natura: Libro
Lingua:slovacco
Pubblicazione: Bratislava 2009
Tags: Aggiungi Tag
Nessun Tag, puoi essere il primo ad aggiungerne!!

MARC

LEADER 00000nam$a2200000$$$4500
001 0095775
005 20240318140459.6
041 0 |a slo 
044 |a SK 
245 1 0 |a Demografický vývoj populácie SR a jeho dopad na ponuku a dopyt po sociálnych službách  |b diplomová práca  |c Michaela Drabantová ; škol. Mária Husáková 
264 1 |a Bratislava  |c 2009 
300 |a 87 s. 
100 1 |a Drabantová, Michaela 
700 1 |a Husáková, Mária 
710 2 |a Národohospodárska fakulta EU. Katedra sociálneho rozvoja a práce